<?xml version="1.0" encoding="UTF-8"?>
<collection xmlns="http://www.loc.gov/MARC21/slim">
 <record>
  <leader>00733pamaa2200217   4500</leader>
  <controlfield tag="001">0000050803</controlfield>
  <controlfield tag="005">20190131090000.0</controlfield>
  <controlfield tag="008">121120s2012                             eng  </controlfield>
  <datafield tag="020" ind1="0" ind2="0">
   <subfield code="a">9781416066262 </subfield>
  </datafield>
  <datafield tag="090" ind1="0" ind2="0">
   <subfield code="a">RJ53.P5 </subfield>
   <subfield code="b">PHY 2012</subfield>
  </datafield>
  <datafield tag="245" ind1="1" ind2="0">
   <subfield code="a">Physical therapy for children  </subfield>
   <subfield code="c">[edited by] Suzann K. Campbell, Robert J. Palisano, Margo N. Orlin.</subfield>
  </datafield>
  <datafield tag="250" ind1="0" ind2="0">
   <subfield code="a">4th ed.</subfield>
  </datafield>
  <datafield tag="260" ind1="0" ind2="0">
   <subfield code="a">St. Louis, MO.: </subfield>
   <subfield code="b">Elsevier/Saunders, </subfield>
   <subfield code="c">2012.</subfield>
  </datafield>
  <datafield tag="300" ind1=" " ind2=" ">
   <subfield code="a">xiv, 1090 p.: </subfield>
   <subfield code="b">ill.; </subfield>
   <subfield code="c">29 cm.</subfield>
  </datafield>
  <datafield tag="501" ind1="0" ind2="0">
   <subfield code="a">FHLS</subfield>
  </datafield>
  <datafield tag="504" ind1="0" ind2="0">
   <subfield code="a">Includes bibliographical references and index</subfield>
  </datafield>
  <datafield tag="650" ind1="0" ind2="0">
   <subfield code="a">Physical therapy for children </subfield>
  </datafield>
  <datafield tag="700" ind1="1" ind2="1">
   <subfield code="a">Campbell, </subfield>
   <subfield code="h">Suzann K. </subfield>
  </datafield>
  <datafield tag="700" ind1="1" ind2="1">
   <subfield code="a">Palisano, </subfield>
   <subfield code="h">Robert J. </subfield>
  </datafield>
  <datafield tag="700" ind1="1" ind2="1">
   <subfield code="a">Orlin, </subfield>
   <subfield code="h">Margo N. </subfield>
  </datafield>
  <datafield tag="901" ind1=" " ind2=" ">
   <subfield code="u">www.elsevierhealth.com</subfield>
  </datafield>
 </record>
</collection>
